000 01044nam a2200265Ia 4500
003 OSt
005 20220923211642.0
006 a|||||r|||| 00| 0
007 ta
008 220922b |||||||| |||| 00| 0 san d
024 _a39,818
037 _cTextual
040 _aARTS
_cARTS
_bsan
041 _2san
_asan
082 _aO15:gx1,1, M4.1-.4
100 _aभरतमुनिप्रणीत; नायर, रविशंकर, संपा.
_9161229
245 0 _aनाट्यशास्त्रम्, मकण् कन्हैयालाल जोशी
246 _aNāṭyashāstram, makaṇ kanhaiyālāl joshī
260 _aदिल्ली
_b परिमल प्रकाशन
_c1984
300 _a545पृ.
_ccm.
490 _aifjey laLd`r xzUFkekyk( 4
650 _aहिन्दी साहित्य
_9156264
942 _hO15:gx1,1, M4.1-.4
_cTEXL
_2CC
999 _c302162
_d302162